The win win negotiator [

Bibliographic Details
Main Author: Reck, Ross R.
Other Authors: LONG, Brian G
Format: Book
Published: Illnois : Nightingale-Conant , 19_
Subjects:

MARC

LEADER 00000cam a2200000 7i4500
001 0000000007
002 000000012
005 20021108.0
090 0 0 |a 158.5   |b REC 
100 1 |a Reck, Ross R.   |f Ph.D 
245 1 4 |a The win win negotiator [  |h sound recording]   |c Ross R. Reck and Brian G. Long 
260 |a Illnois :   |b Nightingale-Conant ,   |c 19_ 
300 |a 1 sound cassette (90:00 minutes) 
650 0 0 |a Negotiation (psychology) 
700 1 |a LONG, Brian G 
999 |a KT0025   |b KASET   |c RUJUKAN   |e PERPUSTAKAAN KOMUNITI PETALING JAYA